000 00394nam a22001457a 4500
003 OSt
005 20120302150016.0
008 090609t xxu||||| |||| 00| 0 eng d
035 _a५००२
040 _cमराठी
245 _a३००० वस्तुनिष्ठ प्रश्न
260 _bअनुपम
300 _b२४३ पाने
942 _2ddc
_cBOOK
999 _c491122
_d491119